00934 2200325 4500001002100000005001500021035002000036007000300056008004100059040001600100100002300116245006600139250001600205300006100221504002900282020002200311041000800333082000800341084001400349090002000363260003800383500002800421600002400449850001000473990002500483990002500508990002500533990002500558990002500583INLIS00000000000241520260602101119 a0010-0220000266ta260602 0  aSBUPADbind0 aSestri Nela Kurnia1 aPengawasan Mutu Bahan dan Produk Pangan /cSestri Nela Kurnia aEd.1,Cet .1 avi, 125 hlm. :bilus. ;c20 cmeBibliografi, hlm 126-128 aBibliografi ,hlm 126-128 a978-602-6559-89-107aind a630 a630 SAS p a630 SAS p L18-6 aYogyakarta :bIndoliterasi,c2017 aTentang Penulis hlm 129 4aTeknologi Pertanian aPUPAD a31.525/APBD/DPK/2019 a31.526/APBD/DPK/2019 a31.527/APBD/DPK/2019 a31.528/APBD/DPK/2019 a31.528/APBD/DPK/2019